Most Common Elements in the Ocean - Statistics

General Stats
  • This quiz has been taken 822 times
  • The average score is 8 of 10
Answer Stats
Tons per Square Mile Answer % Correct
2,442,450,000 Oxygen
99%
307,230,000 Hydrogen
98%
79,800 Carbon
88%
31,492,000 Sodium
88%
56,629,000 Chlorine
77%
1,185,000 Potassium
72%
1,202,000 Calcium
71%
2,644,000 Sulfur
68%
3,779,000 Magnesium
67%
191,805 Bromine
31%
No matching quizzes found
Score Distribution
Percent of People with Each Score
Percentile by Number Answered
Your Score History
You have not taken this quiz